000 00766nam a2200229Ia 4500
003 OSt
005 20220923223409.0
006 a|||||r|||| 00| 0
007 ta
008 220922b |||||||| |||| 00| 0 hin d
024 _a214,783
037 _cTextual
040 _aARTS
_cARTS
_bhin
041 _2hin
_ahin
082 _aO152,3N102x, K4
100 _aश्रीवास्तव, प्रताप नारायण
245 0 _aआशीर्वाद
246 _aĀshīrvāda
260 _aलखनऊ
_b गंगा पुस्तकामाला कार्यालय
_c1964
942 _hO152,3N102x, K4
_cTEXL
_2CC
999 _c364697
_d364697